High-resolution ultrasonography for peripheral nerve diagnostics (Record no. 142170)
[ view plain ]
| 000 -LEADER | |
|---|---|
| fixed length control field | 01688nam a22003614a 4500 |
| 082 04 - DEWEY DECIMAL CLASSIFICATION NUMBER | |
| Classification number | 616.8/5607543 |
| 100 1# - MAIN ENTRY--AUTHOR NAME | |
| Personal name | Wilder-Smith, Einar P. |
| 245 10 - TITLE STATEMENT | |
| Title | High-resolution ultrasonography for peripheral nerve diagnostics |
| 260 ## - PUBLICATION, DISTRIBUTION, ETC. (IMPRINT) | |
| Place of publication | Singapore ; |
| -- | Hackensack, NJ : |
| Name of publisher | World Scientific, |
| Year of publication | c2010. |
| 300 ## - PHYSICAL DESCRIPTION | |
| Number of Pages | xii, 60 p. : |
| Other physical details | ill. (some col.). |
| 505 0# - FORMATTED CONTENTS NOTE | |
| Formatted contents note | Introduction : technical considerations of high resolution ultrasonography -- Finding the nerve -- Clinical applications. |
| 650 #0 - SUBJECT ADDED ENTRY--TOPICAL TERM | |
| Topical Term | Nerves, Peripheral |
| Topical Term | Nerves, Peripheral |
| 700 1# - ADDED ENTRY--PERSONAL NAME | |
| Personal name | Rajendran, K. |
| Personal name | Therimadasamy, Aravinda K. |
| 856 40 - ELECTRONIC LOCATION AND ACCESS | |
| Uniform Resource Identifier | http://site.ebrary.com/lib/rucke/Doc?id=10422544 |
No items available.
